Rok osla

Podrobná bibliografia
Hlavný autor: Beekman, Vladimir, 1929-2009 (Autor)
Ďalší autori: Slabihoudová, Naděžda, 1922-2014 (Prekladateľ)
Médium: Kniha
Jazyk:čeština
Fyzický popis:294, [2] s. 8°
Vydavateľské údaje: Praha Lidové nakl. 1988
Edícia:Lidová knihovna

MARC

LEADER 00000nam a2200000 a 4500
001 vtls001192375
003 SK-MaSNL
005 20260301112345.0
008 251113s1988 xr 0 cze
035 |a SNK000135439 
040 |a SNK  |b slo  |c SNK  |e AACR2 
041 0 |a cze 
044 |a CZ 
100 1 |a Beekman, Vladimir,  |d 1929-2009  |4 aut  |9 219319 
245 1 0 |a Rok osla  |c Vladimír Beekman ; Přel. Naděžda Slabihoudová 
260 |a Praha  |b Lidové nakl.  |c 1988 
300 |a 294, [2] s.  |c 8° 
490 1 |a Lidová knihovna  |v Sv. 87 
700 1 |a Slabihoudová, Naděžda,  |d 1922-2014  |4 trl  |9 162572 
830 0 |a Lidová knihovna  |9 294814 
958 |a RK 
958 |a OND 
999 |c 710195  |d 712125 
952 |t P60, <04>, [BOOK], {604}  |a SNK  |b SNK  |y VYP  |7 0  |o snkID 87262  |i snkKIP 4627/88  |0 0  |1 0  |4 0  |d 1996-03-29  |l 0  |r 2005-01-01 00:00:00  |w 2026-02-23 
952 |t P60, <04>, [BOOK], {604}  |a SNK  |b SNK  |y VYP  |7 0  |o snkID 87262 D1  |i snkKIP 4628/88  |0 0  |1 0  |4 0  |d 1996-03-29  |l 0  |r 2005-01-01 00:00:00  |w 2026-02-23